A King of destiny / (Record no. 1115)

MARC details
000 -LEADER
fixed length control field 00536nam a2200169 4500
001 - CONTROL NUMBER
control field 1499
005 - DATE AND TIME OF LATEST TRANSACTION
control field 20181127163418.0
020 00 - INTERNATIONAL STANDARD BOOK NUMBER
International Standard Book Number 9993670582
090 00 - LOCALLY ASSIGNED LC-TYPE CALL NUMBER (OCLC); LOCAL CALL NUMBER (RLIN)
Classification number (OCLC) (R) ; Classification number, CALL (RLIN) (NR) 954.98092 K521L 2008
245 00 - TITLE STATEMENT
Title A King of destiny /
Remainder of title
Statement of responsibility, etc.
Medium
246 ## - VARYING FORM OF TITLE
Title proper/short title Lunten gi gyelpo.
Remainder of title
Date or sequential designation
Medium
Display text
Number of part/section of a work
Name of part/section of a work
260 00 - PUBLICATION, DISTRIBUTION, ETC.
Place of publication, distribution, etc. Thimphu :
Name of publisher, distributor, etc. Rabsell Media Services,
Date of publication, distribution, etc. 2008.
300 00 - PHYSICAL DESCRIPTION
Extent 200 p. : chiefly col. ill. ; 30 cm.
500 00 - GENERAL NOTE
General note In English.
650 00 - SUBJECT ADDED ENTRY--TOPICAL TERM
Topical term or geographic name entry element Bhutan --Kings and rulers --Pictorial works.
General subdivision
Topical term or geographic name entry element Jigme Singye Wangchuck, King of Bhutan, 1955- --Pictorial works.
General subdivision
Holdings
Withdrawn status Lost status Source of classification or shelving scheme Damaged status Not for loan Collection code Home library Current library Shelving location Serial Enumeration / chronology Inventory number Total Checkouts Full call number Barcode Date last seen Price effective from Koha item type
    Dewey Decimal Classification     Reference RTC Library RTC Library Reference 1797   954.98 KIN 30001986 27/11/2018 27/11/2018 Reference
Royal Thimphu College || All Right Reserved